书目信息 |
| 题名: |
电视监控系统工程资质教程
|
|
| 作者: | 苏畅 , 王超成 , 黎连业 编著 | |
| 分册: | ||
| 出版信息: | 北京 中国电力出版社 2006.03 |
|
| 页数: | 316页 | |
| 开本: | 24cm | |
| 丛书名: | ||
| 单 册: | ||
| 中图分类: | TN948.43 | |
| 科图分类: | ||
| 主题词: | 电视监视器--dian shi jian shi qi--安全装置--教材 | |
| 电子资源: | ||
| ISBN: | 7-5083-4078-7 | |
| 000 | 01059nam0 2200253 450 | |
| 001 | 012006222453 | |
| 005 | 20060630161158.18 | |
| 010 | @a7-5083-4078-7@dCNY32.00 | |
| 100 | @a20060610d2006 km y0chiy0120 ea | |
| 101 | 0 | @achi |
| 102 | @aCN@b110000 | |
| 105 | @ay a 000yy | |
| 200 | 1 | @a电视监控系统工程资质教程@Adian shi jian kong xi tong gong cheng zi zhi jiao cheng@f黎连业, 苏畅, 王超成编著@Fli lian ye,su chang,wang chao cheng bian zhu |
| 210 | @a北京@c中国电力出版社@d2006.03 | |
| 215 | @a316页@d24cm | |
| 320 | @a有书目 | |
| 330 | @a本书的内容主要有:安全防范技术基本知识,安全防范和电视监控系统中常用的传输电缆,电视监控系统,电视监控系统的关键设备,安全防范和电视监控系统工程的设计,安全防范和电视监控系统的施工技术,测试的有关技术,安全防范和电视监控系统工程验收。 | |
| 606 | 0 | @a电视监视器@Adian shi jian shi qi@x安全装置@j教材 |
| 690 | @aTN948.43@v4 | |
| 701 | 0 | @a苏畅@Asu chang@4编著 |
| 701 | 0 | @a王超成@Awang chao cheng@4编著 |
| 701 | 0 | @a黎连业@Ali lian ye@4编著 |
| 801 | 0 | @aCN@bQSSK@c20060630 |
| 905 | @a10447@dTN948.43@eL110 | |
| 电视监控系统工程资质教程/黎连业, 苏畅, 王超成编著.-北京:中国电力出版社,2006.03 |
| 316页;24cm |
| ISBN 7-5083-4078-7:CNY32.00 |
| 本书的内容主要有:安全防范技术基本知识,安全防范和电视监控系统中常用的传输电缆,电视监控系统,电视监控系统的关键设备,安全防范和电视监控系统工程的设计,安全防范和电视监控系统的施工技术,测试的有关技术,安全防范和电视监控系统工程验收。 |
| ● |
| 相关链接 |
|
|
|
正题名:电视监控系统工程资质教程
索取号:TN948.43/L110
 
预约/预借
| 序号 | 登录号 | 条形码 | 馆藏地/架位号 | 状态 | 备注 |
| 1 | 582130 | 205821306 | 自科库301/301自科库 100排6列1层/ [索取号:TN948.43/L110] | 在馆 | |
| 2 | 582131 | 205821315 | 自科库301/301自科库 100排6列1层/ [索取号:TN948.43/L110] | 在馆 | |
| 3 | 582132 | 205821324 | 自科库301/301自科库 32排4列2层/ [索取号:TN948.43/L110] | 在馆 |